[Event "GER-chT U10"]
[Site "Magdeburg"]
[Date "2013.12.28"]
[Round "4.3"]
[White "Cheng, Dino Liwen"]
[Black "Simukov, Erik"]
[Result "0-1"]
[WhiteElo "600"]
[BlackElo "813"]
[PlyCount "80"]
[EventDate "2013.12.27"]
[EventType "team-swiss"]
[EventRounds "5"]
[EventCountry "GER"]
[SourceTitle "EXT 2015"]
[Source "ChessBase"]
[SourceDate "2014.11.20"]
[SourceVersion "1"]
[SourceVersionDate "2014.11.20"]
[SourceQuality "1"]
[WhiteTeam "Muenchen Suedost"]
[BlackTeam "Kassel"]
[WhiteTeamCountry "GER"]
[BlackTeamCountry "GER"]

1. e4 e5 2. Nf3 Nc6 3. Bc4 Bc5 4. c3 Nf6 5. d3 d6 6. Bg5 h6 7. Bh4 g5 8. Bg3 Be6 9. Bxe6 fxe6 10. d4 exd4 11. cxd4 Bb4+ 12. Nc3 Nxe4 13. Qe2 d5 14. Ne5 Nxe5 15. Bxe5 Nxc3 16. Qh5+ Ke7 17. Bxh8 Qxh8 18. 0-0 Ne4 19. a3 Bd6 20. f3 Nf6 21. Qh3 h5 22. Rfe1 Qg8 23. Re2 g4 24. fxg4 hxg4 25. Qe3 g3 26. h3 b6 27. Rae1 Ne4 28. Qh6 e5 29. Qh4+ Kd7 30. b4 c5 31. dxc5 bxc5 32. bxc5 Bxc5+ 33. Kh1 Nf2+ 34. Kg1 Nd3+ 35. Kf1 Rf8+ 36. Rf2 Rxf2+ 37. Kg1 Rf4+ 38. Kh1 Rxh4 39. Re2 Qf8 40. Rxe5 Qf1# 0-1